Safe Homes v Massingham (Record no. 80273)
[ view plain ]
| 000 -LEADER | |
|---|---|
| fixed length control field | 01657cad a22001935a 4500 |
| 001 - CONTROL NUMBER | |
| control field | L143779 |
| 008 - FIXED-LENGTH DATA ELEMENTS--GENERAL INFORMATION | |
| fixed length control field | 080530e20080926xxk f v 000 0 eng d |
| 035 ## - SYSTEM CONTROL NUMBER | |
| System control number | (Sirsi) u143779 |
| 041 0# - LANGUAGE CODE | |
| Language code of text/sound track or separate title | eng |
| 245 00 - TITLE STATEMENT | |
| Title | Safe Homes v Massingham |
| Medium | [electronic resource] |
| 260 ## - PUBLICATION, DISTRIBUTION, ETC. | |
| Date of publication, distribution, etc. | 2008 |
| 520 ## - SUMMARY, ETC. | |
| Summary, etc. | (2007) EWHC 2556 (QBD (TCC)). Considers whether a private householder client was entitled to bring a contract with a builder to an end for repudiatory breach. Following a builder's alleged failure to complete on time, demands for money before substantial completion, failure to work to a reasonable standard and aggressive behaviour, the householder clients (M) terminated the contract for rebuilding a private home with the builder. The claimant builders (S), then sought payment of the sum outstanding under the contract. M counterclaimed for the cost of remedying breaches of contract, i.e. the cost of making good and completing the work to an appropriate standard. Held: S's claims were dismissed. S was in breach of contract due to his failure to reasonably complete on time, his 'intemperate' behaviour and in his repeated demands to be paid sums in excess of what was due. M were entitled to treat S breaches of contract as a repudiation and to bring the contract to an end. The counterclaims were recoverable and thus allowed. |
| 590 ## - LOCAL NOTE (RLIN) | |
| Local note | KA |
| 650 24 - SUBJECT ADDED ENTRY--TOPICAL TERM | |
| Topical term or geographic name entry element | DEFECTIVE PREMISES ACT 1972 |
| 651 #4 - SUBJECT ADDED ENTRY--GEOGRAPHIC NAME | |
| Geographic name | England and Wales |
| Chronological subdivision | 1543- |
| 690 ## - LOCAL SUBJECT ADDED ENTRY--TOPICAL TERM (OCLC, RLIN) | |
| Topical term or geographic name as entry element | BUILT ENVIRONMENT-CONSTRUCTION MANAGEMENT-BUILDING CONTRACT ADMINISTRATION |
| 856 48 - ELECTRONIC LOCATION AND ACCESS | |
| Uniform Resource Identifier | <a href="https://www.bailii.org/ew/cases/EWHC/TCC/2007/2556.html">https://www.bailii.org/ew/cases/EWHC/TCC/2007/2556.html</a> |
| Public note | View the judgment free of charge at www.baiili.org... |
| 942 ## - ADDED ENTRY ELEMENTS (KOHA) | |
| Suppress in OPAC | 0 |
| Withdrawn status | Lost status | Source of classification or shelving scheme | Damaged status | Not for loan | Home library | Current library | Shelving location | Date acquired | Total Checkouts | Full call number | Barcode | Date last seen | Copy number | Price effective from | Koha item type |
|---|---|---|---|---|---|---|---|---|---|---|---|---|---|---|---|
| Dewey Decimal Classification | Virtual | Virtual | Online | 30/05/2008 | ONLINE PUBLICATION | 143779-1001 | 06/08/2019 | 1 | 06/08/2019 | Law report |